000 00653nam a2200193Ia 4500
008 090124s9999 xx 000 0 und d
082 _b47472
100 _aवैद्य रविन्द्र
245 _a मुगल सम्राट औरंगजेब
250 _a1
260 _c2008
300 _a111+05
600 _aवैद्य रविन्द्र
630 _a मुगल सम्राट औरंगजेब
700 _aवैद्य रविन्द्र
700 _aगद्रे प्रभाकर
730 _a मुगल सम्राट औरंगजेब
942 _cBOOK
999 _c113769
_d113769